A short history of nearly everthing
| Main Author: | |
|---|---|
| Format: | Book |
| Subjects: |
| LEADER | 00435cam a2200145 7i4500 | ||
|---|---|---|---|
| 001 | 0000033122 | ||
| 005 | 20230126090000.0 | ||
| 020 | # | # | |a 9780307885159 |
| 040 | # | # | |a MATR |
| 100 | 0 | # | |a Bryson, Bill |e author |
| 245 | 0 | 0 | |a A short history of nearly everthing |c Bill Bryson. |
| 264 | # | 0 | |a New York: |b Broadway Books, |c 2005. |
| 300 | # | # | |a 624 pages: |b illustrations; |c 26 cm. |
| 650 | # | 0 | |a Science |
| 999 | |a B000037439 |b Book |c Book |e Business Information Centre | ||


